000 00690cam a22002413a 4500
001 672
003 PGUSA
005 20140828082951.0
008 960901s1996||||xxu|||||s|||||000 | eng d
040 _aPGUSA
_beng
042 _adc
050 4 _aQA
100 1 _aWalter, Russ,
_d1947-
245 1 4 _aThe Secret Guide to Computers
_h[electronic resource] /
_cRuss Walter
260 _bProject Gutenberg,
_c1996
500 _aWordPerfect 5.1
506 _aCopyrighted. Read the copyright notice inside this book for details.
516 _aElectronic text
653 _aMicrocomputers
830 0 _aProject Gutenberg
_v672
856 4 0 _uhttp://www.gutenberg.org/ebooks/672
942 _cEB
999 _c230023
_d230023